000
00268nam a22001217a 4500
999
_c
12605
_d
12605
020
_a
9788131799437
082
_a
QA9.58
100
_a
Himanshu B Dave
245
_a
Design and Analysis of Algorithms
250
_a
2nd
260
_a
India
_b
Pearson
_c
2013
942
_c
BK